[Event "TCh-SWE Elite 2012-13"]
[Site "Malmo SWE"]
[Date "2012.10.07"]
[Round "3"]
[White "Ornstein,A"]
[Black "Nilsson,S"]
[Result "1/2-1/2"]
[WhiteElo "2361"]
[BlackElo "2330"]

1.c4 Nf6 2.Nc3 g6 3.e4 d6 4.d4 Bg7 5.Nf3 O-O 6.Be2 e5 7.dxe5 dxe5 8.Qxd8 Rxd8
9.Bg5 Re8 10.O-O-O h6 11.Bh4 Na6 12.Ne1 c6 13.Nc2 Nc5 14.f3 a5 15.b3 Nfd7
16.Kb2 Ne6 17.Rhe1 Nd4 18.Bf2 Nxc2 19.Kxc2 Nf8 20.c5 Ne6 21.Bc4 Nd4+ 22.Kb1 Be6
23.Bxe6 Rxe6 24.Ne2 Rd8 25.Rd3 b6 26.cxb6 c5 27.Rc1 Bf8 28.Bg3 f6 29.Nxd4 Rxb6
30.f4 exd4 31.Rc4 Rb4 32.Kc2 Re8 33.e5 Kf7 34.a4 Ke6 35.Be1 Rxc4+ 36.bxc4 fxe5
37.fxe5 Kxe5 38.Bxa5 Kd6 39.Rf3 Be7 40.Bd2 Ra8 41.a5 Bg5 42.Bxg5 hxg5 43.a6 Ke5
44.Ra3 Ke4 45.a7 g4 46.Kd2 d3 47.Ra6 Kd4 48.Rxg6 Kxc4 49.Ra6 Kb5 50.Ra2 c4
51.Kc3 Kc5 52.Ra4 Kd5 53.Rxc4 g3 54.Rd4+ Ke5 55.h3 Rxa7 56.Rxd3 Ke4 57.Rd2  1/2-1/2

[Event "TCh-Moscow 2012"]
[Site "Moscow RUS"]
[Date "2012.10.07"]
[Round "7.1"]
[White "Krivenko,S"]
[Black "Savitskiy,S"]
[Result "1-0"]
[WhiteElo "2347"]
[BlackElo "2378"]

1.d4 Nf6 2.c4 d6 3.Nf3 g6 4.Nc3 Bg7 5.e4 O-O 6.Be2 Na6 7.O-O e5 8.d5 Nc5
9.Qc2 a5 10.Nd2 Nfd7 11.Nb3 f5 12.exf5 gxf5 13.f4 e4 14.Be3 a4 15.Nd4 Qe7
16.Kh1 Nb6 17.Rae1 Rf6 18.b4 axb3 19.axb3 Rh6 20.g3 Qf7 21.Ra1 Rxa1 22.Rxa1 Qg6
23.Rg1 Bd7 24.Rg2 Na6 25.Qa2 Qe8 26.Ncb5 Bf6 27.Ne6 Nxd5 28.cxd5 Bxb5 29.g4 Bxe2
30.gxf5+ Kh8 31.Qxe2 Qh5 32.Ng5 Qe8 33.Bd4 Nc5 34.Qb5 Qf8 35.Bxc5 dxc5 36.Ne6 Qa8
37.Qd7 e3 38.Qf7 b6 39.Nf8 Qa1+ 40.Rg1 Qxg1+ 41.Kxg1 e2 42.Qe8 Bd4+ 43.Kg2  1-0

[Event "TCh-ROU League A 2012"]
[Site "Olanesti ROU"]
[Date "2012.10.07"]
[Round "2.2"]
[White "Ionescu,M"]
[Black "Miroiu,G"]
[Result "0-1"]
[WhiteElo "2339"]
[BlackElo "2337"]

1.Nf3 Nf6 2.c4 g6 3.Nc3 Bg7 4.e4 d6 5.d4 O-O 6.Be2 e5 7.Be3 Nc6 8.d5 Ne7
9.Nd2 Nd7 10.b4 f5 11.f3 fxe4 12.fxe4 Kh8 13.Nf3 h6 14.O-O g5 15.Nd2 Ng6
16.Rxf8+ Qxf8 17.Nb5 c5 18.dxc6 bxc6 19.Nxa7 Bb7 20.b5 c5 21.Nc6 Bxc6 22.bxc6 Nb8
23.c7 Na6 24.Bg4 Nxc7 25.a4 Nf4 26.a5 Qe7 27.Qa4 h5 28.Bf5 Ne2+ 29.Kh1 Nd4
30.Bg6 g4 31.Rf1 Bf6 32.Bxh5 Qf8 33.Qd1 Rxa5 34.Bxg4 Ra3 35.Bxd4  0-1

[Event "TCh-Belgrade Premier 2012"]
[Site "Belgrade SRB"]
[Date "2012.10.08"]
[Round "7.1"]
[White "Mihic,B"]
[Black "Nenezic,M"]
[Result "1/2-1/2"]
[WhiteElo "2393"]
[BlackElo "2345"]

1.Nf3 Nf6 2.c4 g6 3.Nc3 Bg7 4.e4 d6 5.d4 O-O 6.Be2 e5 7.O-O Nbd7 8.Be3 Qe7
9.d5 Ng4 10.Bg5 f6 11.Bh4 Nh6 12.Nd2 g5 13.Bg3  1/2-1/2

[Event "3rd Copa Latino-Americana"]
[Site "Cali COL"]
[Date "2012.10.08"]
[Round "8.11"]
[White "Lopez,CM CUB"]
[Black "Leon Magallanes,I"]
[Result "0-1"]
[WhiteElo "2301"]
[BlackElo "2069"]

1.Nf3 Nf6 2.c4 g6 3.Nc3 Bg7 4.e4 d6 5.d4 O-O 6.Be2 e5 7.O-O exd4 8.Nxd4 Re8
9.f3 c6 10.Nc2 Na6 11.Kh1 Nc7 12.Ne3 Nh5 13.f4 Bxc3 14.Bxh5 Bg7 15.Bf3 Ne6
16.g3 Nc5 17.Qc2 Qe7 18.Bd2 Nxe4 19.Bb4 a5 20.Ba3 Nxg3+ 21.hxg3 Qxe3 22.Rae1 Qxe1
23.Rxe1 Rxe1+ 24.Kg2 h5 25.Qd2 Re8 26.Bxd6 Bf5 27.c5 Bf8 28.a4 Rad8 29.b4 Bxd6
30.cxd6 Re6 31.bxa5 Rexd6 32.Qb4 R8d7 33.a6 bxa6 34.a5 Rd2+ 35.Kg1 Rc2 36.Qb8+ Kh7
37.Qf8 Rb7 38.Bg2 Be6 39.Bf1 Rb1  0-1

[Event "TCh-ROU League A 2012"]
[Site "Olanesti ROU"]
[Date "2012.10.08"]
[Round "3.1"]
[White "Shishkin,Va UKR"]
[Black "Carmaciu,L"]
[Result "1/2-1/2"]
[WhiteElo "2496"]
[BlackElo "2409"]

1.d4 d6 2.Nf3 Nf6 3.c4 g6 4.Nc3 Bg7 5.e4 O-O 6.Be2 e5 7.Be3 Na6 8.O-O c6
9.d5 Ng4 10.Bg5 f6 11.Bh4 c5 12.Ne1 Nh6 13.f3 Bd7 14.Nd3 Nf7 15.a3 Qe7 16.b4 b6
17.Qc2 Bh6 18.Bf2 f5 19.Rfb1 fxe4 20.Nxe4 Ng5 21.bxc5 Nxe4 22.fxe4 Nxc5 23.Nxc5 Rxf2
24.Kxf2 Qh4+ 25.Kg1 Be3+ 26.Kh1 Bf4 27.g3 Bxg3 28.Bf3 dxc5 29.Rg1 Bf2 30.Rg2 Bd4
31.Rb1 Rf8 32.Qe2 Rf4 33.Rg3 g5 34.Rf1 h5 35.Bg2 g4 36.a4 Qf6 37.Rb3 Bf2
38.a5 Qh4 39.Rxf2 Rxf2 40.Qe1 bxa5 41.Rb8+ Kf7 42.Rb7 g3 43.h3 Ke8 44.Rb8+ Kf7
45.Rb7 Ke8 46.Rb8+ Kf7 47.Rb7  1/2-1/2

[Event "FSFMA1 October 2012"]
[Site "Budapest HUN"]
[Date "2012.10.09"]
[Round "3.4"]
[White "Maqseed,Nasser"]
[Black "Nasser,Bader"]
[Result "1/2-1/2"]
[WhiteElo "2065"]
[BlackElo "2021"]

1.d4 Nf6 2.c4 g6 3.Nc3 Bg7 4.e4 d6 5.Nf3 O-O 6.Be2 e5 7.dxe5 dxe5 8.Qxd8 Rxd8
9.Bg5 Re8 10.Nd5 Nxd5 11.cxd5 c6 12.Bc4 cxd5 13.Bxd5 Na6 14.O-O-O Nc7 15.Bb3 Be6
16.Bxe6 Nxe6 17.Be3 Rec8+ 18.Kb1 Rc7 19.Ng5 Nxg5 20.Bxg5 f6 21.Be3 a6 22.Rc1 Rac8
23.Rxc7 Rxc7 24.Rc1 Rxc1+ 25.Kxc1  1/2-1/2

[Event "FSIM October 2012"]
[Site "Budapest HUN"]
[Date "2012.10.10"]
[Round "4.3"]
[White "Nguyen Huynh Minh Huy"]
[Black "Lengyel,B"]
[Result "1-0"]
[WhiteElo "2438"]
[BlackElo "2252"]

1.d4 Nf6 2.c4 g6 3.Nc3 Bg7 4.e4 d6 5.Nf3 O-O 6.Be2 e5 7.Be3 Nc6 8.d5 Ne7
9.Nd2 Ne8 10.f3 f5 11.c5 f4 12.Bf2 g5 13.Rc1 Ng6 14.Qc2 h5 15.cxd6 cxd6 16.Nb5 Bd7
17.Qb3 Nh4 18.Rg1 g4 19.Nxa7 g3 20.hxg3 fxg3 21.Be3 Rf7 22.Qb6 Qxb6 23.Bxb6 Bh6
24.Rc3 Rg7 25.Nf1 Nxg2+ 26.Rxg2 h4 27.Nxg3 hxg3 28.Bb5 Bf4 29.Bxd7 Rxd7 30.Rc8 Rxc8
31.Nxc8 Rh7 32.a4 Rh1+ 33.Bg1 Kf8 34.Kf1 Rh6 35.Rc2 Rg6 36.b4 Bg5 37.b5 Ng7
38.a5 Nh5 39.a6 bxa6  1-0

[Event "FSFMA1 October 2012"]
[Site "Budapest HUN"]
[Date "2012.10.10"]
[Round "4.2"]
[White "Nasser,Bader"]
[Black "Juracsik,J"]
[Result "0-1"]
[WhiteElo "2021"]
[BlackElo "2164"]

1.d4 Nf6 2.c4 g6 3.Nc3 Bg7 4.e4 d6 5.Be2 O-O 6.Nf3 e5 7.Be3 exd4 8.Nxd4 Re8
9.f3 c6 10.Bf2 d5 11.exd5 cxd5 12.O-O Nc6 13.c5 Nh5 14.Qd2 Be5 15.a3 Nf4
16.Nxc6 bxc6 17.Be3 Qg5 18.g3 Nh3+ 19.Kh1 Bxc3 20.Bxg5 Bxd2 21.Bxd2 Rxe2
22.Bc3 Nf2+ 23.Kg1 Nd3 24.b4 Bh3  0-1

[Event "22nd Metropolitan IM"]
[Site "Los Angeles USA"]
[Date "2012.10.12"]
[Round "5"]
[White "Amanov,Z"]
[Black "Amerkeshev,M"]
[Result "1/2-1/2"]
[WhiteElo "2374"]
[BlackElo "2161"]

1.Nf3 Nf6 2.c4 d6 3.d4 g6 4.Nc3 Bg7 5.e4 O-O 6.Be2 Nbd7 7.O-O e5 8.Re1 h6
9.Bf1 exd4 10.Nxd4 Re8 11.Rb1 Nc5 12.f3 a5 13.Be3 Bd7 14.Qd2 Kh7 15.b3 Nh5
16.a3 Qh4 17.Qf2 Qxf2+ 18.Kxf2 c6 19.Red1 Red8 20.Be2 f5 21.exf5  1/2-1/2

[Event "7th Americas Continental 2012"]
[Site "Mar del Plata ARG"]
[Date "2012.10.12"]
[Round "1.57"]
[White "Teixeira,Ri"]
[Black "Hernandez Amura,Gilberto"]
[Result "1/2-1/2"]
[WhiteElo "2276"]
[BlackElo "1851"]

1.d4 Nf6 2.Nf3 g6 3.c4 Bg7 4.Nc3 O-O 5.e4 d6 6.Be2 e5 7.dxe5 dxe5 8.Qxd8 Rxd8
9.Bg5 Re8 10.Nd5 Nxd5 11.cxd5 c6 12.Bc4 Bd7 13.O-O-O cxd5 14.Bxd5 Bc6 15.Kb1 b6
16.Rd2 Bxd5 17.Rxd5 Na6 18.Be3 f5 19.Rhd1 f4 20.Bc1 Nc5 21.Nd2 Rad8 22.f3 Rxd5
23.exd5 Rd8 24.Ne4 Ne6 25.b3 Nd4 26.d6 h6 27.Bb2 Kf7 28.Bxd4 exd4 29.Rc1 Ke6
30.Rc7 Rd7 31.Rxd7 Kxd7 32.Kc2 a6 33.Kd3 Kc6 34.Kc4 Be5 35.a4 b5+ 36.axb5+ axb5+
37.Kd3 Bg7 38.Nf2 Kxd6 39.Ke4 g5 40.h4 gxh4 41.Nd3 Bf6 42.Nxf4 Bh8 43.Nd3 Bf6
44.f4 Ke6 45.f5+ Kd6 46.b4 Bg7 47.Nf4 Be5 48.Nd3 Bf6 49.Ne1 Bg7 50.Nf3 d3
51.Kxd3 Kd5 52.Nxh4 Ke5 53.Nf3+ Kxf5 54.Nd4+ Kg4 55.Nxb5 Bf8  1/2-1/2

[Event "TCh-ROU League A 2012"]
[Site "Olanesti ROU"]
[Date "2012.10.13"]
[Round "8.6"]
[White "Stegariu,A"]
[Black "Cordea,D"]
[Result "1/2-1/2"]
[WhiteElo "2129"]
[BlackElo "2001"]

1.d4 Nf6 2.c4 g6 3.Nc3 Bg7 4.e4 d6 5.Nf3 O-O 6.Be2 e5 7.dxe5 dxe5 8.Qxd8 Rxd8
9.Bg5 Re8 10.Nd5 Nxd5 11.cxd5 c6 12.Bc4 cxd5 13.Bxd5 Nd7 14.Rc1 Nb6 15.Bb3 Be6
16.Bxe6 Rxe6 17.Rc7 f6 18.Be3 Rc8 19.Rxb7 Nc4 20.O-O Nxe3 21.fxe3 Bh6 22.Re1 Rc2
23.Kf1 Rb6 24.Rxb6 axb6 25.Re2 Rc4 26.Nd2 Rc2 27.Nb3 Rc4 28.Rd2 Bxe3 29.Rd8+ Kf7
30.Ke2 Bg1 31.Kd3 Ra4 32.Rd7+ Ke6 33.Rxh7 Rxa2 34.Kc2 Ra4 35.Nd2 Be3 36.Rb7 Rb4
37.Nf1 Bc5 38.Nd2 Rd4 39.b3 f5 40.Nf3 fxe4 41.Nxd4+ exd4 42.b4 d3+ 43.Kd1 Bd4
44.Kd2 Kd5 45.Rd7+ Kc4 46.Rc7+ Kd5 47.Rf7 Kc4  1/2-1/2

[Event "TATA 50th ch-IND National Premier 2012"]
[Site "Kolkata IND"]
[Date "2012.10.14"]
[Round "13.10"]
[White "Debashis,D"]
[Black "Thipsay,P"]
[Result "1/2-1/2"]
[WhiteElo "2454"]
[BlackElo "2418"]

1.d4 Nf6 2.c4 g6 3.Nc3 Bg7 4.e4 O-O 5.Nf3 d6 6.Be2 e5 7.d5 a5 8.h3 Na6 9.Bg5 Nc5
10.Nd2 Bd7 11.O-O h6 12.Be3 Nh7 13.Qc2 f5 14.exf5 gxf5 15.f4 exf4 16.Bxf4 Ng5
17.Rae1 Qf6 18.Kh2 Rae8 19.Bg3 Qg6 20.Nb3 Nxb3 21.axb3 Ne4 22.Nxe4 fxe4 23.c5 Be5
24.Bxe5 Rxe5 25.Rxf8+ Kxf8 26.Rf1+ Ke7 27.cxd6+ Qxd6 28.Kh1 Kd8  1/2-1/2

[Event "7th Americas Continental 2012"]
[Site "Mar del Plata ARG"]
[Date "2012.10.14"]
[Round "4.53"]
[White "Zalimben,Maria Luz"]
[Black "Rioseco Pinochet,F"]
[Result "0-1"]
[WhiteElo "1714"]
[BlackElo "2236"]

1.Nf3 Nf6 2.d4 g6 3.c4 Bg7 4.Nc3 O-O 5.e4 d6 6.Be2 Nbd7 7.O-O e5 8.d5 Nc5
9.Qc2 a5 10.h3 Nh5 11.Bg5 f6 12.Be3 f5 13.Ne1 Nxe4 14.Nxe4 fxe4 15.Bxh5 gxh5
16.c5 Qh4 17.Kh2 Rf6 18.cxd6 cxd6 19.Qc7 Rg6 20.Rg1 Bh6 21.Qc1 Bf4+ 22.Bxf4 exf4
23.Qc2 f3 24.Qd2 fxg2 25.Rxg2 Qxh3+ 26.Kg1 Bg4 27.Rg3 Bf3 28.Nxf3 exf3 29.Rxg6+ hxg6
30.Qg5 Qg4+ 31.Qxg4 hxg4 32.Kh2 Re8 33.Kg3 Re2 34.b3 Kf7 35.Rc1 Rxa2 36.Rc7+ Kf6
37.Rxb7 Kg5 38.Rb6 Ra1 39.Rxd6 Rh1  0-1

[Event "7th Americas Continental 2012"]
[Site "Mar del Plata ARG"]
[Date "2012.10.15"]
[Round "5.65"]
[White "Teixeira,Ri"]
[Black "Cortes Orihuela,Javier"]
[Result "1-0"]
[WhiteElo "2276"]
[BlackElo "1948"]

1.d4 Nf6 2.Nf3 g6 3.c4 Bg7 4.Nc3 O-O 5.e4 d6 6.Be2 e5 7.d5 a5 8.O-O Na6 9.Bg5 h6
10.Bh4 Qe8 11.Nd2 Nd7 12.Bg4 Ndc5 13.Bxc8 Rxc8 14.Nb3 Nxb3 15.axb3 b6 16.f3 f5
17.Bf2 f4 18.Qe2 Nb4 19.Nb5 Rf6 20.Rfd1 g5 21.Be1 Rg6 22.Bxb4 axb4 23.Ra7 Qd8
24.Rda1 Bf8 25.Rb7 Rg7 26.Na7 Ra8 27.Ra4 h5 28.Nc6 Qc8 29.Rxa8 Qxa8 30.Ra7 Qc8
31.Nxb4 g4 32.Nd3 h4 33.fxg4 h3 34.gxh3 Qd8 35.Kg2 f3+ 36.Qxf3 Rf7 37.Qe2 Be7
38.Ra1 Bg5 39.Rf1 Bf4 40.Nxf4 exf4 41.e5 dxe5 42.Qxe5 Qf8 43.Rf2 Qb4 44.g5 f3+
45.Rxf3 Qd2+ 46.Kg3 Rxf3+ 47.Kxf3 Qd1+ 48.Kf4 Qf1+ 49.Kg4 Qg2+ 50.Qg3 Qe4+
51.Qf4 Qe2+ 52.Qf3 Qxh2 53.g6  1-0

[Event "7th Americas Continental 2012"]
[Site "Mar del Plata ARG"]
[Date "2012.10.16"]
[Round "6.32"]
[White "Abdalla,L"]
[Black "Mackeprang,L"]
[Result "1-0"]
[WhiteElo "2316"]
[BlackElo "2145"]

1.d4 Nf6 2.c4 g6 3.Nc3 Bg7 4.e4 d6 5.Nf3 O-O 6.Be2 Nbd7 7.O-O e5 8.Qc2 exd4
9.Nxd4 Re8 10.Bg5 h6 11.Be3 Nc5 12.f3 a5 13.Rad1 Qe7 14.Rfe1 Bd7 15.Bf1 Rad8
16.Ncb5 Bc8 17.Qd2 c6 18.Na3 Nfxe4 19.fxe4 Nxe4 20.Qc1 g5 21.Nac2 f5 22.Bd3 c5
23.Nf3 Qf6 24.Bxe4 Rxe4 25.b3 b6 26.Bf2 Rxe1+ 27.Rxe1 f4 28.Qd2 Bb7 29.Qe2 Kf7
30.Na3 Bc6 31.Nd2 Re8 32.Qh5+ Qg6 33.Qxg6+ Kxg6 34.Rxe8 Bxe8 35.Ne4 Be5 36.Nb5 Bxb5
37.cxb5 Kf5 38.Nd2 d5 39.Kf1 g4 40.Ke2 h5 41.Bh4 Bc7 42.Kd3 Ke6 43.Nb1 Kd7
44.Nc3 Kd6 45.g3 f3 46.Nd1 a4 47.bxa4 c4+ 48.Kc3 Ke6 49.Bg5 Be5+ 50.Kc2 h4
51.Bxh4 Bd4 52.Kd2 c3+ 53.Kd3 c2 54.Kxc2 f2 55.Nxf2 Bxf2 56.Kd3 Bg1 57.Ke2 Kd6
58.Bg5 Bc5 59.Bd2 Bg1 60.a5 bxa5 61.Bxa5 Kc5 62.a4  1-0

[Event "NIT Nagpur GM Open 2012"]
[Site "Nagpur IND"]
[Date "2012.10.16"]
[Round "1.15"]
[White "Vishnu,P"]
[Black "Rohan,A"]
[Result "1-0"]
[WhiteElo "2473"]
[BlackElo "1978"]

1.c4 Nf6 2.Nf3 g6 3.d4 Bg7 4.Nc3 O-O 5.e4 d6 6.Be2 e5 7.d5 Na6 8.Bg5 h6 9.Bh4 g5
10.Bg3 Nc5 11.Nd2 Nfxe4 12.Ndxe4 Nxe4 13.Nxe4 f5 14.Nd2 f4 15.O-O Bf5 16.Bf3 Qe8
17.Be4 Qg6 18.Qc2 h5 19.h3 fxg3 20.fxg3 Bxe4 21.Qxe4 Kh7 22.Rad1 Bh6 23.Qe2 g4
24.Ne4 gxh3 25.gxh3 Rf4 26.Rde1 Raf8 27.Kg2 Kh8 28.c5 Rxf1 29.Rxf1 Rxf1 30.Kxf1 Qf7+
31.Nf2 Qxd5 32.Qxh5 Qc4+ 33.Kg2 Kg7 34.cxd6 cxd6 35.Qf5 Be3 36.Qd7+ Qf7 37.Qg4+ Kf8
38.Qc8+ Kg7 39.Qg4+ Kf8 40.Nd3 Ke7 41.Qe4 Bd4 42.Qxb7+ Ke6 43.Qc8+ Kf6 44.Qc6 Kg7
45.h4 Qf5 46.Qc7+ Kh8 47.Qb8+ Kg7 48.Qb7+ Kh8 49.Qf3 Qe6 50.h5 Kg7 51.Qe4 Qf7
52.Nf4 Bxb2 53.Ng6 Bd4 54.Qe2 Qd5+ 55.Kh3 Qh1+ 56.Kg4 Qd5 57.Nh4 Qe6+ 58.Kf3 Qd5+
59.Qe4 Qf7+ 60.Qf5 Qxa2 61.h6+ Kg8 62.Qg6+ Kf8 63.Qxd6+ Ke8 64.Nf5 Qf2+ 65.Kg4 Qe2+
66.Kg5 Be3+ 67.Kf6  1-0

[Event "7th Americas Continental 2012"]
[Site "Mar del Plata ARG"]
[Date "2012.10.17"]
[Round "7.37"]
[White "Gaitan,Juan Manuel"]
[Black "Caceres Recalde,F"]
[Result "0-1"]
[WhiteElo "2266"]
[BlackElo "2159"]

1.d4 Nf6 2.c4 g6 3.Nc3 Bg7 4.e4 d6 5.Nf3 O-O 6.Be2 e5 7.O-O Na6 8.Be3 h6
9.Nd2 Ng4 10.Bxg4 Bxg4 11.Qxg4 exd4 12.Bxd4 Bxd4 13.Rac1 Nc5 14.Qh3 Kh7 15.b4 Ne6
16.Nb3 Be5 17.Ne2 Qe7 18.Qe3 Rae8 19.Na5 c5 20.a3 Nd4 21.Nb3 Bxh2+ 22.Kxh2 Qh4+
23.Kg1 Rxe4 24.Nbxd4 Rxe3 25.fxe3 cxd4 26.exd4 Qe4 27.Rf2 b6 28.c5 dxc5 29.bxc5 bxc5
30.Rxc5 Rb8 31.Rxf7+ Kg8 32.Rf2 Rb1+ 33.Nc1 h5 34.Rfc2 Qxd4+ 35.Kh2 Rb2 36.Ne2 Qd6+
37.g3 Rxc2 38.Rxc2 Qxa3 39.Nf4 Qd6 40.Rc8+ Kh7 41.Re8 a5 42.Re6 Qd2+ 43.Kh3 a4
44.Rxg6 Qxf4  0-1

[Event "7th Americas Continental 2012"]
[Site "Mar del Plata ARG"]
[Date "2012.10.17"]
[Round "7.14"]
[White "Abdalla,L"]
[Black "Matamoros Franco,C"]
[Result "0-1"]
[WhiteElo "2316"]
[BlackElo "2534"]

1.d4 Nf6 2.c4 g6 3.Nc3 Bg7 4.e4 d6 5.Nf3 O-O 6.Be2 e5 7.O-O exd4 8.Nxd4 Re8
9.f3 c6 10.Nc2 Na6 11.Bf4 Nh5 12.Be3 Be5 13.Qd2 Nc5 14.Nd4 Qh4 15.f4 Bg7
16.g3 Nxg3 17.hxg3 Qxg3+ 18.Kh1 Nxe4 19.Nxe4 Rxe4 20.Rf3 Qh4+ 21.Kg2 Bg4
22.Rg3 Bxd4  0-1

[Event "7th Americas Continental 2012"]
[Site "Mar del Plata ARG"]
[Date "2012.10.17"]
[Round "8.12"]
[White "Ricardi,P"]
[Black "Krysa,L"]
[Result "1/2-1/2"]
[WhiteElo "2505"]
[BlackElo "2381"]

1.Nf3 Nf6 2.c4 g6 3.Nc3 Bg7 4.e4 d6 5.d4 O-O 6.Be2 e5 7.O-O exd4 8.Nxd4 Re8
9.Bf3 Nbd7 10.Bg5 h6 11.Bh4 a5 12.Ndb5 g5 13.Bg3 Ne5 14.Be2 Bd7 15.Qc2 Ng6
16.Rad1 Nf4 17.Bf3 N6h5 18.e5 Bxe5 19.Bxb7 Rb8 20.Bf3 Ng7 21.Nd4  1/2-1/2

[Event "16th Unive Open"]
[Site "Hoogeveen NED"]
[Date "2012.10.19"]
[Round "1"]
[White "Okkes,M"]
[Black "Schoehuijs,E"]
[Result "1/2-1/2"]
[WhiteElo "2368"]
[BlackElo "2123"]

1.Nf3 Nf6 2.c4 g6 3.Nc3 Bg7 4.e4 d6 5.d4 O-O 6.Be2 e5 7.O-O exd4 8.Nxd4 Re8
9.f3 Nc6 10.Be3 Nh5 11.Nxc6 bxc6 12.g4 Nf6 13.Qd2 Be6 14.Rad1 c5 15.g5 Nd7
16.f4 Bh3 17.Rfe1 f6 18.gxf6 Nxf6 19.Bf3 Ng4  1/2-1/2

[Event "7th Americas Continental 2012"]
[Site "Mar del Plata ARG"]
[Date "2012.10.19"]
[Round "9.52"]
[White "Pardo,Alejandro"]
[Black "Rivas,L"]
[Result "1-0"]
[WhiteElo "2181"]
[BlackElo "1987"]

1.d4 Nf6 2.Nf3 g6 3.c4 Bg7 4.Nc3 O-O 5.e4 d6 6.Be2 Nbd7 7.O-O e5 8.d5 Nc5
9.Qc2 a5 10.Bg5 h6 11.Bh4 Bd7 12.b3 Qe8 13.Nd2 Nh7 14.f3 h5 15.Rfb1 Bh6 16.Bf2 Qe7
17.a3 Qg5 18.Nf1 Bh3 19.Ng3 Bxg2 20.Kxg2 h4 21.b4 axb4 22.axb4 Na6 23.Ra2 Nf6
24.c5 Nh5 25.c6 Nf4+ 26.Kf1 hxg3 27.hxg3  1-0

[Event "13th Liberec Open 2012"]
[Site "Liberec CZE"]
[Date "2012.10.20"]
[Round "1"]
[White "Bartos,J"]
[Black "Novy,Filip"]
[Result "1-0"]
[WhiteElo "2191"]
[BlackElo "1824"]

1.d4 Nf6 2.Nf3 g6 3.c4 Bg7 4.Nc3 O-O 5.e4 d6 6.Be2 e5 7.dxe5 dxe5 8.Qxd8 Rxd8
9.Bg5 Re8 10.Nd5 Nxd5 11.cxd5 f5 12.Nd2 b6 13.f3 c5 14.dxc6 Nxc6 15.Bb5 Bb7
16.Rc1 Rac8 17.O-O Bf8 18.Nb3 Be7 19.Be3 Rc7 20.Rc2 Rec8 21.Bc4+ Kg7 22.Be6 Rf8
23.Bd5 Rfc8 24.Rfc1 Kf6 25.a3 Bd6 26.Nd2 Ke7 27.b4 Kd7 28.Bg5 a6 29.Nc4 Nd4
30.Nxb6+ Ke8 31.Nxc8 Ne2+ 32.Rxe2 Rxc1+ 33.Bxc1  1-0

[Event "TCh-SUI National A 2012"]
[Site "Switzerland SUI"]
[Date "2012.10.20"]
[Round "8.7"]
[White "Lutz,B"]
[Black "Maeser,F"]
[Result "1-0"]
[WhiteElo "2325"]
[BlackElo "2271"]

1.d4 Nf6 2.c4 g6 3.Nc3 Bg7 4.e4 d6 5.Nf3 O-O 6.Be2 e5 7.Be3 h6 8.dxe5 Ng4
9.Bc1 Nxe5 10.Nd4 Nbc6 11.Be3 h5 12.Qd2 Ng4 13.Bg5 Bf6 14.Bxf6 Qxf6 15.Nf3 Be6
16.O-O Nge5 17.Nd5 Nxf3+ 18.Bxf3 Bxd5 19.cxd5 Nd4 20.Bd1 c5 21.dxc6 bxc6
22.Ba4 a5 23.Rad1 c5 24.f4 Ra7 25.Kh1 Kg7 26.Qc3 Rc8 27.b3 Rcc7 28.Rde1 Ne6
29.e5 dxe5 30.fxe5 Qg5 31.Bb5 Nd4 32.Bd3 Kh7 33.h3 Ne6 34.Rf6 Re7 35.Ref1 a4
36.bxa4 Kg8 37.a5 Qe3 38.a6 Rad7 39.R6f3 Qg5 40.Bb5 Rd4 41.Qa5 Rd2 42.R3f2 Rxf2
43.Rxf2 Qg3 44.Rf3  1-0

[Event "16th Unive Open"]
[Site "Hoogeveen NED"]
[Date "2012.10.21"]
[Round "3"]
[White "De Ruiter,D"]
[Black "Afek,Y"]
[Result "1-0"]
[WhiteElo "2182"]
[BlackElo "2312"]

1.d4 Nf6 2.c4 g6 3.Nc3 Bg7 4.e4 O-O 5.Nf3 d6 6.Be2 Nbd7 7.O-O e5 8.Re1 c6
9.d5 cxd5 10.cxd5 Nc5 11.Nd2 a5 12.f3 Ne8 13.Nc4 f5 14.Be3 f4 15.Bf2 g5 16.Nxd6 Nxd6
17.Bxc5 Rf6 18.Na4 Bf8 19.Rc1 b5 20.Bxd6 Bxd6 21.Bxb5 Rb8 22.Be2 Bd7 23.b3 Rh6
24.Rc2 Bb4 25.Rf1 Qe8 26.Rc7 Qh5 27.Bc4 Qxh2+ 28.Kf2 Bxa4 29.d6+ Kh8 30.d7 Rd8
31.Qd5 Bc3 32.Rc8 Qh4+ 33.Ke2 g4 34.Qg8+  1-0

[Event "TCh-SUI National A 2012"]
[Site "Switzerland SUI"]
[Date "2012.10.21"]
[Round "9.6"]
[White "Huss,A"]
[Black "Umbach,A"]
[Result "1/2-1/2"]
[WhiteElo "2304"]
[BlackElo "2290"]

1.d4 Nf6 2.c4 g6 3.Nf3 Bg7 4.Nc3 O-O 5.e4 d6 6.Be2 e5 7.d5 a5 8.Bg5 h6 9.Bh4 Na6
10.Nd2 Qe8 11.a3 Bd7 12.b3 Nh7 13.Rb1 h5 14.f3 Bh6 15.Bf2 Qe7 16.b4 axb4
17.axb4 h4 18.Nf1 Rfb8 19.Ne3 Kh8 20.O-O f5 21.Kh1 Nf6 22.exf5 gxf5 23.Bd3 Bxe3
24.Bxe3 Rg8 25.f4 Qg7 26.Rg1 c5 27.bxc5 Ng4 28.Rxb7 Nxc5 29.Bxc5 dxc5 30.Qe1 Ra3
31.Qxh4+ Qh6 32.Qxh6+ Nxh6 33.Rxd7 Rxc3 34.Be2 exf4 35.Rf1 Re8 36.Bh5 Rg8
37.Rd6 Ng4 38.h3 Ne5 39.Rxf4 Rc1+ 40.Kh2 Rc2 41.Rh6+ Kg7 42.Bd1 Rxg2+ 43.Kxg2 Kxh6+
44.Kf1 Kg5 45.Rf2 Rh8 46.Bc2 f4 47.Rg2+ Kf6 48.Rf2 Kg5 49.Rg2+ Kf6 50.Rf2  1/2-1/2

[Event "16th Unive Open"]
[Site "Hoogeveen NED"]
[Date "2012.10.22"]
[Round "4"]
[White "Hovenga,A"]
[Black "Lesman,F"]
[Result "1/2-1/2"]
[WhiteElo "2246"]
[BlackElo "2100"]

1.d4 Nf6 2.c4 g6 3.Nc3 Bg7 4.e4 d6 5.Nf3 O-O 6.Be2 e5 7.dxe5 dxe5 8.Qxd8 Rxd8
9.Bg5 Re8 10.Nd5 Nxd5 11.cxd5 c6 12.Bc4 cxd5 13.Bxd5 Nd7 14.Rc1 Bf8 15.O-O h6
16.Be3 Nf6 17.Rfd1 Nxd5 18.Rxd5 Be6 19.Rb5  1/2-1/2

[Event "NIT Nagpur GM Open 2012"]
[Site "Nagpur IND"]
[Date "2012.10.23"]
[Round "11.14"]
[White "Kamble,V"]
[Black "Harutjunyan,G"]
[Result "0-1"]
[WhiteElo "2376"]
[BlackElo "2446"]

1.Nf3 Nf6 2.c4 g6 3.Nc3 Bg7 4.e4 d6 5.d4 O-O 6.Be2 Nbd7 7.O-O e5 8.Be3 Ng4
9.Bg5 f6 10.Bh4 g5 11.Bg3 Nh6 12.dxe5 fxe5 13.b4 Nf7 14.Nd5 c6 15.Ne3 Nf6
16.Nd2 Be6 17.h3 a5 18.b5 a4 19.Rb1 Ra5 20.a3 Qd7 21.Nd5 cxd5 22.cxd5 Bxh3
23.gxh3 Qxh3 24.Nc4 Raa8 25.Ne3 h5 26.Nf5 Nh6 27.Qd3 Nxf5 28.exf5 e4 29.Qe3 Qxf5
30.f3 Nxd5 31.Bc4 Kh8 32.Qxe4 Qxe4 33.fxe4 Bd4+ 34.Kh1 Ne3 35.Rxf8+ Rxf8
36.Bxd6 Rd8 37.Bc7 Rd7 38.b6 Nxc4 39.Rb4 Nxa3 40.Rxd4 Rxd4 41.Be5+ Kg8 42.Bxd4 Nc2  0-1

[Event "4th Marcel Duchamp Open"]
[Site "Buenos Aires ARG"]
[Date "2012.10.24"]
[Round "3.6"]
[White "Ferro,E"]
[Black "Gimenez,Martin"]
[Result "1-0"]
[WhiteElo "2214"]
[BlackElo "2037"]

1.d4 Nf6 2.c4 g6 3.Nc3 Bg7 4.e4 d6 5.Nf3 O-O 6.Be2 e5 7.Be3 Nc6 8.d5 Nd7
9.Nd2 Ne7 10.b4 f5 11.f3 fxe4 12.fxe4 c6 13.Rf1 Nf6 14.Qb3 Bg4 15.Rxf6 Rxf6
16.Bxg4 cxd5 17.cxd5 h6 18.O-O-O Nc8 19.Nc4 Kh7 20.Kb1 Rf8 21.Na5 Qh4 22.h3 h5
23.Bf3 Nb6 24.Nxb7 Qe7 25.Na5  1-0

[Event "US Chess League 2012"]
[Site "ICC INT"]
[Date "2012.10.24"]
[Round "8"]
[White "Kavutskiy,K"]
[Black "Bregadze,L"]
[Result "0-1"]
[WhiteElo "2284"]
[BlackElo "2366"]

1.Nf3 Nf6 2.c4 d6 3.d4 g6 4.Nc3 Bg7 5.e4 O-O 6.Be2 Qe8 7.O-O e5 8.dxe5 dxe5
9.Be3 Na6 10.Nd2 c6 11.a3 Qe7 12.b4 Rd8 13.Qc2 Ng4 14.Bxg4 Bxg4 15.c5 Be6
16.Ne2 Nc7 17.a4 f5 18.f3 Qd7 19.Bg5 Qd3 20.Qxd3 Rxd3 21.Rfd1 h6 22.Be7 Rd7
23.Bh4 g5 24.exf5 Bxf5 25.Be1 Rad8 26.Ra2 Be6 27.Ra3 a5 28.b5 Bf8 29.Rc1 Rxd2
30.Bxd2 Rxd2 31.Ng3 Rd1+ 32.Rxd1 Bxc5+ 33.Kh1 Bxa3 34.bxc6 bxc6 35.Re1 Bd6
36.Ne4 Bb4 37.Rc1 Bd5 38.Nf6+ Kg7 39.Ng4 Ne6 40.Nxe5 Nc5 41.Kg1 Nxa4 42.Nxc6 Bc5+
43.Rxc5 Nxc5 44.Nxa5 Nd3 45.Kf1 Kf6 46.Ke2 Nf4+ 47.Kf2 Ke5 48.Kg3 Nh5+ 49.Kg4 Nf6+
50.Kg3 h5 51.h3 h4+ 52.Kf2 Nh5  0-1

[Event "16th Unive Open"]
[Site "Hoogeveen NED"]
[Date "2012.10.25"]
[Round "7"]
[White "L'Ami,Alina"]
[Black "Kerigan,D"]
[Result "0-1"]
[WhiteElo "2376"]
[BlackElo "2238"]

1.d4 g6 2.c4 Bg7 3.Nc3 d6 4.e4 Nf6 5.Nf3 O-O 6.Be2 Nbd7 7.O-O e5 8.Be3 Re8
9.d5 Nh5 10.g3 Bf8 11.b4 Be7 12.Rc1 Ng7 13.c5 dxc5 14.bxc5 Bxc5 15.Nb5 b6
16.Bg5 f6 17.d6 Bb7 18.dxc7 Qe7 19.Be3 Rec8 20.Bc4+ Kh8 21.Bxc5 Nxc5 22.Nd6 Rxc7
23.Nf7+ Kg8 24.Nh6+ Kh8 25.Nf7+ Kg8 26.N7xe5+ Kf8 27.Ng4 Rd8 28.Qe2 Nxe4
29.Rfe1 Rdc8 30.Nd4 f5 31.f3 Nd6 32.Qb2 Rxc4 33.Rxe7 Rxc1+ 34.Kf2 Kxe7 35.Ne2 Kf8
36.Nxc1 fxg4 37.Nd3 gxf3 38.Qa3 Nf5 39.g4 Rc2+ 40.Kf1 Ne3+ 41.Kg1 Rg2+ 42.Kh1 Nc4
43.Qxa7 Rxa2 44.Qb8+ Ke7 45.Qc7+ Ke8 46.Kg1 Rg2+ 47.Kh1 Rd2 48.Kg1 Rxd3 49.Qxh7 Rd1+
50.Kf2 Ne4+  0-1

[Event "13th Liberec Open 2012"]
[Site "Liberec CZE"]
[Date "2012.10.25"]
[Round "7"]
[White "Zdrazil,B"]
[Black "Novak,Jan2"]
[Result "0-1"]
[WhiteElo "1942"]
[BlackElo "1663"]

1.d4 Nf6 2.Nf3 g6 3.c4 Bg7 4.Nc3 O-O 5.e4 d6 6.Be2 Nbd7 7.O-O e5 8.d5 Nc5
9.Qc2 a5 10.Ne1 Qe7 11.f3 Nh5 12.Nd3 Nxd3 13.Bxd3 Nf4 14.Ne2 Nxe2+ 15.Qxe2 f5
16.Be3 b6 17.b3 f4 18.Bf2 Bd7 19.a3 g5 20.b4 h5 21.c5 bxc5 22.bxc5 g4 23.c6 gxf3
24.gxf3 Bh3 25.Kh1 Bxf1 26.Rxf1 Kh7 27.a4 Rg8 28.Rg1 Bf6 29.Qe1 Rxg1+ 30.Kxg1 Qg7+
31.Kh1 Rg8 32.Bf1 Bh4 33.Bh3 Bxf2 34.Qxf2 Rb8 35.Qc2 Qg5 36.Bf1 Qh4 37.Bb5 Qe1+
38.Kg2 Rg8+ 39.Kh3 Rg3+ 40.hxg3 Qxg3+  0-1